[Event "FRA-ch U20 Girls"]
[Site "Pau"]
[Date "2015.04.28"]
[Round "4"]
[White "Sonet, Kelly"]
[Black "Nicolas Manceau, Maya"]
[Result "0-1"]
[WhiteElo "1615"]
[BlackElo "1621"]
[PlyCount "114"]
[EventDate "2015.04.26"]
[EventType "swiss"]
[EventRounds "9"]
[EventCountry "FRA"]
[SourceTitle "CBM 166 Extra"]
[Source "ChessBase"]
[SourceDate "2015.06.18"]
[SourceVersion "1"]
[SourceVersionDate "2015.06.18"]
[SourceQuality "1"]

1. d4 d5 2. c4 c6 3. cxd5 cxd5 4. Nc3 e6 5. Nf3 Nf6 6. Bf4 a6 7. e3 Nc6 8. Rc1 Bd6 9. Bg5 h6 10. Bh4 0-0 11. Bd3 Be7 12. 0-0 Bd7 13. Bb1 Nh5 14. Qd3 g6 15. Bxe7 Qxe7 16. Ne5 Nxe5 17. dxe5 b5 18. Ne2 Rac8 19. h3 Rxc1 20. Rxc1 Rc8 21. Rxc8+ Bxc8 22. Qc2 Bb7 23. Nd4 Qb4 24. b3 Qe1+ 25. Kh2 b4 26. g4 Ng7 27. Kg2 Ne8 28. Qd3 Nc7 29. Bc2 Qc3 30. Qd1 Kg7 31. Qf3 Ne8 32. h4 Qc7 33. Qg3 Kf8 34. Qf4 Kg7 35. h5 g5 36. Qg3 Qe7 37. Qf3 Nc7 38. Qd1 Nb5 39. Qd3 Qe8 40. Qh7+ Kf8 41. Qxh6+ Ke7 42. Qf6+ Kd7 43. Nxb5 axb5 44. Qxg5 Qc8 45. Bd3 d4+ 46. Kg3 dxe3 47. Bxb5+ Kc7 48. Qxe3 Kb8 49. h6 Qh8 50. Qf4 Qh7 51. g5 Qg6 52. Bc4 Qb1 53. Qh4 Qg1+ 54. Kf4 Qc1+ 55. Kg4 Qd1+ 56. Kh3 Qh1+ 57. Kg3 Qe4 0-1

[Event "FRA-ch U20 Girls"]
[Site "Pau"]
[Date "2015.04.26"]
[Round "1"]
[White "Nicolas Manceau, Maya"]
[Black "Fischer, Julie"]
[Result "1-0"]
[WhiteElo "1621"]
[BlackElo "2050"]
[PlyCount "105"]
[EventDate "2015.04.26"]
[EventType "swiss"]
[EventRounds "9"]
[EventCountry "FRA"]
[SourceTitle "CBM 166 Extra"]
[Source "ChessBase"]
[SourceDate "2015.06.18"]
[SourceVersion "1"]
[SourceVersionDate "2015.06.18"]
[SourceQuality "1"]

1. d4 Nf6 2. Nf3 g6 3. c4 c5 4. d5 b5 5. a4 bxc4 6. Nc3 d6 7. e4 Ba6 8. Nd2 Bg7 9. Bxc4 0-0 10. 0-0 Bxc4 11. Nxc4 Nbd7 12. Be3 Rb8 13. Rb1 Rb4 14. Qe2 Nb6 15. Na5 Nxe4 16. Nc6 Nxc3 17. bxc3 Rxb1 18. Nxd8 Rxf1+ 19. Kxf1 Rxd8 20. c4 Rb8 21. Qc2 Nd7 22. Bd2 Rb2 23. Qc1 Bd4 24. Be3 Bf6 25. Bg5 Ra2 26. Bxf6 Nxf6 27. Qe3 Ng4 28. Qxe7 Rxf2+ 29. Ke1 Ra2 30. Qxa7 Ne3 31. Qb8+ Kg7 32. Qxd6 Nxg2+ 33. Kf1 Ne3+ 34. Kg1 Ra1+ 35. Kf2 Ng4+ 36. Ke2 Rxa4 37. Qxc5 Ra2+ 38. Kd3 Nf2+ 39. Kd4 Re2 40. d6 Ng4 41. Kd3 Re8 42. Qd4+ Nf6 43. c5 Re1 44. Kc3 Rc1+ 45. Kd2 Rxc5 46. d7 Rh5 47. d8Q Rf5 48. Q8d7 Rh5 49. Qe7 Rf5 50. Ke2 g5 51. Qdd8 Kg6 52. Qd3 h5 53. Qe5 1-0

[Event "FRA-ch U18 Girls"]
[Site "Montbeliard"]
[Date "2014.04.27"]
[Round "9"]
[White "Nicolas Manceau, Maya"]
[Black "Nolot, Clementine"]
[Result "0-1"]
[WhiteElo "1540"]
[BlackElo "1835"]
[PlyCount "106"]
[EventDate "2014.04.21"]
[EventType "swiss"]
[EventRounds "9"]
[EventCountry "FRA"]
[SourceTitle "CBM 160 Extra"]
[Source "ChessBase"]
[SourceDate "2014.07.01"]
[SourceVersion "1"]
[SourceVersionDate "2014.07.01"]
[SourceQuality "1"]

1. e4 e5 2. Nf3 Nc6 3. Bc4 Bc5 4. d3 Nf6 5. c3 d6 6. b4 Bb6 7. a4 a6 8. 0-0 Be6 9. Bxe6 fxe6 10. Qb3 Qe7 11. a5 Ba7 12. b5 Nd8 13. Nbd2 Nd7 14. d4 exd4 15. cxd4 0-0 16. e5 axb5 17. exd6 cxd6 18. Qxb5 Rf5 19. Qb4 Bb8 20. Ne4 Nf6 21. Bg5 Nc6 22. Bxf6 gxf6 23. Qd2 Qg7 24. a6 Rxa6 25. Rxa6 bxa6 26. Qc3 Ne7 27. Ra1 Rb5 28. Rxa6 Rb1+ 29. Ne1 d5 30. Nc5 Qh6 31. Ra1 Qxh2+ 32. Kf1 Rxa1 33. Qxa1 Qd6 34. Qd1 Ng6 35. Qa4 Kf7 36. Ned3 Ne7 37. Na6 e5 38. dxe5 fxe5 39. Nxb8 Qxb8 40. Qh4 Qb1+ 41. Ne1 Qg6 42. Nf3 Qb1+ 43. Ne1 Qf5 44. Nf3 d4 45. Ng5+ Kg7 46. Nxh7 Ng6 47. Qh2 Qb1+ 48. Ke2 Nf4+ 49. Kf3 Qxh7 50. Qxh7+ Kxh7 51. g3 Nh3 52. Ke2 Nxf2 53. Kxf2 e4 0-1

[Event "FRA-ch U18 Girls"]
[Site "Saint Paul Trois Chateaux"]
[Date "2013.05.05"]
[Round "8"]
[White "Nicolas Manceau, Maya"]
[Black "Sellami, Farida"]
[Result "1-0"]
[WhiteElo "1432"]
[BlackElo "1419"]
[PlyCount "87"]
[EventDate "2013.04.28"]
[EventType "swiss"]
[EventRounds "9"]
[EventCountry "FRA"]
[SourceTitle "CBM 154 Extra"]
[Source "ChessBase"]
[SourceDate "2013.06.25"]
[SourceVersion "2"]
[SourceVersionDate "2013.06.25"]
[SourceQuality "1"]

1. e4 e5 2. Nf3 Nc6 3. Bc4 Nf6 4. d3 h6 5. 0-0 Be7 6. Re1 0-0 7. c3 a6 8. d4 b5 9. Bb3 d6 10. Nbd2 Bg4 11. d5 Na5 12. h3 Nxb3 13. Qxb3 Bh5 14. Qc2 Qd7 15. a4 c6 16. c4 b4 17. Qd3 c5 18. Nf1 Bg6 19. Ng3 Nh5 20. Nxh5 Bxh5 21. Nh2 f5 22. exf5 Qxf5 23. Qxf5 Rxf5 24. g4 Bxg4 25. hxg4 Rf7 26. Re4 Raf8 27. Be3 Bh4 28. Rf1 Kh7 29. f4 Bg3 30. f5 a5 31. Nf3 g6 32. fxg6+ Kxg6 33. Kg2 Bf4 34. Bxf4 Rxf4 35. Rxf4 Rxf4 36. Nh4+ Kg5 37. Rxf4 exf4 38. Nf5 h5 39. Nxd6 hxg4 40. Nb7 Kf6 41. Nxc5 Ke5 42. Nd3+ Ke4 43. Nxf4 Kxf4 44. d6 1-0